Plante à Fleur - Morphologie - Statistiques

Statistiques générales
  • Ce quiz a été pris 11 fois
  • Le résultat moyen est 20 sur 63
Statistiques - réponses
Par images Réponse % Correct
Ombelle
100%
Alternée
75%
Capitule
75%
Corymbe
75%
Dentée
75%
Embrassante
75%
Lancéolée
75%
Opposée
75%
Sessile
75%
Verticillée
75%
Crénelée
50%
Denticulée
50%
Engainante
50%
Épi
50%
Épineuse
50%
Grappe
50%
Hastée
50%
Imparipennée
50%
Lobée
50%
Obovale
50%
Opposée Décussée
50%
Paripennée
50%
Petiolée
50%
Trifoliolée
50%
Décurrente
25%
Deltoïde
25%
Elliptique
25%
Entière
25%
Lunée
25%
Lunulée
25%
Lyrée
25%
Ondulée
25%
Ovale
25%
Palmatilobée
25%
Palmatipartite
25%
Palmatiséquée
25%
Palmée
25%
Pédalée
25%
Pédatilobée
25%
Pennatilobée
25%
Pennatipartite
25%
Pennatiséquée
25%
Roncinée
25%
Sagittée
25%
Aciculaire
0%
Acutilobée
0%
Cunéiforme
0%
Ensiforme
0%
Falciforme
0%
Incisée
0%
Linéaire
0%
Oblancéolée
0%
Oblongue
0%
Palmatifide
0%
Pectinée
0%
Pédatifide
0%
Pédatipartite
0%
Pédatiséquée
0%
Peltée
0%
Pennatifide
0%
Réniforme
0%
Rubanée
0%
Subulée
0%
Aucun quiz correspondant
Distribution des résultats
% des personnes avec chaque résultat
Percentile par nombre de réponses
Votre historique - résultats
Vous n’avez pas pris ce quiz